000 03710nam0a22004571 4500
001 RU\NLR\A1\393
005 20251203152403.2
035 _a(NLR Aleph) 009670560
090 _a9659275
_c9659275
100 _a19960528d1795 a y0rusy50 ca
101 0 _arus
_alat
102 _aRU
140 _ay y kc yaa0000
200 1 _aПравила пиитическия о стихотворении российском и латинском
_eСо многими против прежняго прибавлениями:
_eС приобщением Пиитико-историческаго словаря, в коем содержатся баснословных богов, мест, времен, цветов, дерев и проч. имена, с их краткою историею и нравоучением;
_cТакже Овидиевы Превращения,
_cИ при конце отборные Публия Виргилия Марона стихи.
_eВ пользу юношества, обучающагося поэзии в Московской славено-греко-латинской академии и для всех российскаго стихотворения любителей.
205 _aИздание пятое
210 _aМосква
_cВ типографии Селивановскаго и товарища
_d1795
215 _a88, 84 с.
_d
304 _aНа с.3-4 (1-я паг.) "Предуведомление" с подписью: Московской академии ректор архимандрит Аполлос
307 _aНа с.5 (1-я паг.) в левом нижнем углу помета: Часть 1; на с.1 (2-я паг.) - Часть 2
316 _aЭкз. РНБ (18.174.2.37) в составном картон. темно-зеленом пер. с бархатными лиловыми корешком и уголками. На нижней крышке пер. экслибрис Рус. фонда ГПБ с шифром. На форзаце ярлык с шифром РНБ и рукоп. помета "А.Куриева[?]. № 15". На тит. л. рукоп. помета "Пензинский. № 27". Виньетки на с.3-5 раскрашены от руки
_5NLR: 18.174.2.37
316 _aЭкз. КирОУНБ деф.: отсутствуют с.83-88 1-ой паг., с.83-84 2-ой паг.
_5КирОУНБ
321 1 _aСК XVIII 231
327 0 _aСловарь пиитико-исторических примечаний (С.1-31 2-й паг.) (напечатан 4-м изданием)
_aЦветы / Вергилий (С.32-84 2-й паг.)
518 1 _aПравила пиитические, о стихотворении российском и латинском
620 _dМосква
700 0 _aАполлос
_cБайбаков, Андрей Дмитриевич
_cепископ
_f1745-1801
_3RU\NLR\AUTH\7797330
_4070
702 1 _aСеливановский
_bС. И.
_f1772-1835
_gСемен Иоанникиевич
_4610
702 1 _aОвидий Назон
_bП.
_f43 до н.э.-ок.18
_gПублий
_3RU\NLR\AUTH\779870
_4070
702 1 _aВергилий Марон
_bП.
_f70-19 до н.э.
_gПублий
_3RU\NLR\AUTH\7710632
_4070
712 0 0 _aСеливановский,
_cМосква
_gС.,
_hтипография и словолитня
_3RU\NLR\AUTH\8810035689
_4610
801 0 _aRU
_bNLR
_c19960528
852 _aNLR
_j18.174.2.37
899 _aРГБ
899 _aБАН
899 _aКирОУНБ
_yЭкз. деф.
899 _aГПИБ
899 _aСПбГУ
942 _cBOOK
980 _aNB
980 _aA1XVIIIv